00759 a2200193 45000010006000000050017000060080041000230030015000640400040000790800078001192450065001970200018002622640057002803000019003375050140003561000027004967000020005237000022005435855220260407155841.0260407a1986 arg spa dAR-UNSa-BCEJYS aAR-UNSa-BCEJYSbspacAR-UNSa-BCEJYS a336.226.1xImpuestos a las ganancias o los beneficios (Impuesto Diferido)10aLos impuestos sobre los capitales y sobre el patrimonio neto a950-541-034-4 1aBuenos Aires :bEdiciones Contabilidad Modernac1986 a266 p.c28 cm. a1. Temas básicos de finanzas públicas - 2. Impuesto sobre los capitales - 3. Impuesto sobre el patrimonio Neto - 4. Normas Legales 1 aScotti, Nicolás Juan1 aGebhardt, Jorge1 aLitvak, José D.